Paroles - New York avec toi - Téléphone - Statistiques

Statistiques générales
  • Ce quiz a été pris 1 259 fois
  • Le résultat moyen est 148 sur 204
Statistiques - réponses
Réponses % Correct
à
100%
avec
100%
ne
100%
Ne
100%
New-York
100%
toi
100%
Un
100%
un
100%
j'irai
99%
jour
99%
de
98%
le
97%
la
96%
La
96%
les
95%
Les
95%
Toutes
91%
au
90%
Et
90%
et
90%
nuits
90%
en
88%
ça
86%
tu
86%
là-bas
85%
par
84%
des
83%
va
81%
vie
81%
autre
79%
voir
79%
Voir
79%
déconner
78%
moi
78%
si
75%
se
74%
part
73%
dans
72%
Dans
72%
conditionné
71%
d'soi
71%
l'air
71%
m'emmèneras
71%
On
71%
on
71%
ville
71%
cœur
70%
bat
69%
bout
69%
Rat
69%
Chat
68%
doigts
67%
ronron
67%
pas
66%
verras
66%
Avoir
65%
entier
65%
il
65%
y
65%
j'aurai
64%
crois
63%
Emmène
63%
nous
63%
film
62%
aucun
61%
hôtel
61%
que
61%
Que
61%
fait
60%
j'y
60%
partagée
60%
mais
58%
tailladée
58%
t'y
58%
c'est
57%
Dormir
57%
du
57%
froid
57%
saigner
57%
corps
56%
Oui
56%
quoi
55%
jouera
53%
Bercés
52%
chez
52%
Chez
52%
leurs
52%
serrer
51%
côté
47%
sur
47%
couleur
46%
murs
46%
vider
45%
noir
44%
nulle
44%
Traîner
44%
cœurs
43%
gay
43%
oubliera
43%
vite
41%
ont
39%
puis
39%
sons
39%
parfois
37%
peinture
37%
clubs
36%
délatté
36%
bois
31%
tellement
31%
ci
30%
flaques
28%
grand
27%
Emmènes
26%
Toucher
26%
toucher
26%
Emmène-moi
15%
mène-moi
4%
Aucun quiz correspondant
Distribution des résultats
% des personnes avec chaque résultat
Percentile par nombre de réponses
Votre historique - résultats
Vous n’avez pas pris ce quiz